000
00318nam a2200121Ia 4500
005
20251222140035.0
008
251222s1900||||xx |||||||||||||| ||spa||
082
_a
189.4/P43
100
_a
Pero-Sanz Elorz, José Miguel
245
0
_a
El Conocimiento por Connaturalidad:
264
_b
Universidad de Navarra
942
_c
LIB
999
_c
3086
_d
3086